[Event "18th Izmir Open 2019"]
[Site "Izmir"]
[Date "2019.09.06"]
[Round "8.6"]
[White "S.m.farhan, Shahriar"]
[Black "Soysal, Serkan"]
[Result "1/2-1/2"]
[WhiteElo "1234"]
[BlackElo "2401"]
[Annotator "ChessBase"]
[PlyCount "107"]
[EventDate "2019.09.02"]
[EventType "swiss"]
[EventCountry "TUR"]
[SourceTitle "playchess.com"]
[Source "ChessBase"]
[SourceQuality "1"]
[TimeControl "5400+30"]

1. d4 {[%emt 0:00:30]} d5 {[%emt 0:00:30]} 2. c4 {[%emt 0:00:00]} c6 {[%emt 0:00:00]} 3. cxd5 {[%emt 0:02:00]} cxd5 {[%emt 0:02:00]} 4. Bg5 {[%emt 0:00:30]} h6 {[%emt 0:00:30]} 5. Bh4 {[%emt 0:00:00]} Qb6 {[%emt 0:00:30]} 6. Qd2 {[%emt 0:00:00]} Nc6 {[%emt 0:02:30]} 7. Nc3 {[%emt 0:01:30]} e6 {[%emt 0:02:30]} 8. e3 {[%emt 0:00:00]} Bd7 {[%emt 0:06:30]} 9. Bd3 {[%emt 0:03:00]} Nf6 {[%emt 0:02:30]} 10. Bxf6 {[%emt 0:01:30]} gxf6 {[%emt 0:00:30]} 11. Nge2 {[%emt 0:00:30]} Nb4 {[%emt 0:01:30]} 12. Bb1 {[%emt 0:02:30]} Rc8 {[%emt 0:03:30]} 13. O-O {[%emt 0:00:30]} h5 {[%emt 0:02:30]} 14. a3 {[%emt 0:00:30]} Nc6 {[%emt 0:00:30]} 15. b4 {[%emt 0:05:30]} Qd8 {[%emt 0:02:30]} 16. e4 {[%emt 0:06:30]} dxe4 {[%emt 0:04:30]} 17. Nxe4 {[%emt 0:03:30]} b6 {[%emt 0:04:30]} 18. d5 {[%emt 0:16:30]} Ne5 {[%emt 0:00:30]} 19. Qf4 {[%emt 0:00:30]} Rh6 {[%emt 0:04:30]} 20. Nd6+ {[%emt 0:03:30]} Bxd6 {[%emt 0:00:30]} 21. Qxh6 {[%emt 0:00:00]} Ke7 {[%emt 0:01:30]} 22. Qxh5 {[%emt 0:01:00]} Qg8 {[%emt 0:00:30]} 23. dxe6 {[%emt 0:09:30]} Bxe6 {[%emt 0:00:30]} 24. Ng3 {[%emt 0:00:30]} Rc4 {[%emt 0:04:30]} 25. Bf5 {[%emt 0:01:30]} Rf4 {[%emt 0:07:30]} 26. Bxe6 {[%emt 0:02:30]} fxe6 {[%emt 0:00:00]} 27. Rad1 {[%emt 0:02:30]} Bb8 {[%emt 0:00:00]} 28. Rfe1 {[%emt 0:01:30]} f5 29. Qe2 {[%emt 0:13:30]} Rh4 {[%emt 0:03:00]} 30. Qb5 {[%emt 0:07:35]} Qh8 {[%emt 0:02:30]} 31. Nf1 {[%emt 0:05:41]} Kf6 {[%emt 0:06:30]} 32. Qe2 {[%emt 0:01:15]} Re4 {[%emt 0:04:30]} 33. Qd2 {[%emt 0:01:55]} Rg4 {[%emt 0:00:30]} 34. Kh1 {[%emt 0:03:57]} Qg8 {[%emt 0:03:30]} 35. Qd8+ {[%emt 0:00:56]} Kf7 {[%emt 0:00:00]} 36. Qxg8+ {[%emt 0:00:22]} Rxg8 {[%emt 0:00:00]} 37. h3 {[%emt 0:01:09]} b5 {[%emt 0:00:00]} 38. Ne3 {[%emt 0:01:07]} Kf6 {[%emt 0:00:00]} 39. g3 {[%emt 0:00:58]} Bc7 {[%emt 0:01:30]} 40. f4 {[%emt 0:00:18]} Nf3 {[%emt 0:00:30]} 41. Nf1 {[%emt 0:01:46]} Bxf4 {[%emt 0:04:30]} 42. Re2 {[%emt 0:00:41]} Bb8 {[%emt 0:00:00]} 43. Kg2 {[%emt 0:01:21]} Ng5 {[%emt 0:01:00]} 44. Rc2 {[%emt 0:00:48]} Ne4 {[%emt 0:00:30]} 45. Rd3 {[%emt 0:00:14]} Be5 {[%emt 0:02:30]} 46. Rc6 {[%emt 0:00:40]} Ra8 {[%emt 0:00:00]} 47. Nd2 {[%emt 0:01:03]} a5 {[%emt 0:00:00]} 48. Nxe4+ {[%emt 0:00:21]} fxe4 {[%emt 0:00:00]} 49. Re3 {[%emt 0:00:41]} axb4 {[%emt 0:00:00]} 50. axb4 {[%emt 0:00:30]} Ra2+ {[%emt 0:00:00]} 51. Kf1 {[%emt 0:00:00]} Ra1+ {[%emt 0:02:00]} 52. Kg2 {[%emt 0:00:00]} Ra2+ {[%emt 0:00:30]} 53. Kf1 {[%emt 0:00:00]} Ra1+ {[%emt 0:00:00]} 54. Kg2 {[%emt 0:00:00]} 1/2-1/2

[Event "18th Izmir Open 2019"]
[Site "Izmir"]
[Date "2019.09.06"]
[Round "8.7"]
[White "Cakiroglu, Metin"]
[Black "Unat, Can Haktan"]
[Result "0-1"]
[WhiteElo "1934"]
[BlackElo "2100"]
[Annotator "ChessBase"]
[PlyCount "168"]
[EventDate "2019.09.02"]
[EventType "swiss"]
[EventCountry "TUR"]
[SourceTitle "playchess.com"]
[Source "ChessBase"]
[SourceQuality "1"]
[TimeControl "5400+30"]

1. c4 {[%emt 0:00:30]} e5 {[%emt 0:00:30]} 2. Nc3 {[%emt 0:00:30]} Nf6 {[%emt 0:00:00]} 3. e3 {[%emt 0:00:30]} c5 {[%emt 0:05:00]} 4. Nf3 {[%emt 0:01:30]} Nc6 {[%emt 0:00:30]} 5. d4 {[%emt 0:01:30]} cxd4 {[%emt 0:03:30]} 6. exd4 {[%emt 0:01:30]} exd4 {[%emt 0:00:30]} 7. Nxd4 {[%emt 0:00:30]} Bc5 {[%emt 0:00:30]} 8. Nb3 {[%emt 0:00:30]} Bb4 {[%emt 0:02:30]} 9. Be2 {[%emt 0:01:30]} d5 {[%emt 0:09:30]} 10. O-O {[%emt 0:05:30]} Be6 {[%emt 0:00:30]} 11. cxd5 {[%emt 0:01:30]} Nxd5 {[%emt 0:00:30]} 12. Nxd5 {[%emt 0:09:30]} Bxd5 {[%emt 0:02:30]} 13. Be3 {[%emt 0:07:30]} O-O {[%emt 0:01:30]} 14. Rc1 {[%emt 0:02:30]} Re8 {[%emt 0:03:30]} 15. Bf3 {[%emt 0:03:30]} Bxf3 {[%emt 0:07:30]} 16. Qxf3 {[%emt 0:00:30]} Qe7 {[%emt 0:00:30]} 17. Rfd1 {[%emt 0:11:30]} Rac8 {[%emt 0:04:30]} 18. Qf5 {[%emt 0:04:30]} Rcd8 {[%emt 0:02:30]} 19. h3 {[%emt 0:01:30]} h6 {[%emt 0:02:30]} 20. a3 {[%emt 0:09:30]} Bd6 {[%emt 0:00:00]} 21. Nc5 {[%emt 0:09:30]} Be5 {[%emt 0:02:00]} 22. Qc2 {[%emt 0:02:30]} Nd4 {[%emt 0:03:30]} 23. Bxd4 {[%emt 0:03:30]} Bxd4 {[%emt 0:02:30]} 24. Nd3 {[%emt 0:00:00]} Bb6 {[%emt 0:09:30]} 25. Re1 {[%emt 0:01:00]} Qg5 {[%emt 0:00:30]} 26. Rxe8+ {[%emt 0:00:46]} Rxe8 {[%emt 0:00:30]} 27. Re1 {[%emt 0:00:14]} Rd8 {[%emt 0:00:00]} 28. Re2 {[%emt 0:01:11]} Qg3 {[%emt 0:03:00]} 29. Ne1 {[%emt 0:01:05]} Qd6 {[%emt 0:03:30]} 30. a4 {[%emt 0:01:11]} Bc5 {[%emt 0:09:30]} 31. b3 {[%emt 0:00:51]} b6 {[%emt 0:01:30]} 32. Qc4 {[%emt 0:03:30]} Qf6 {[%emt 0:01:42]} 33. b4 {[%emt 0:02:24]} Rd4 {[%emt 0:01:52]} 34. Re8+ {[%emt 0:00:33]} Bf8 {[%emt 0:00:01]} 35. Qc3 {[%emt 0:02:54]} Qd6 {[%emt 0:00:52]} 36. Nc2 {[%emt 0:00:15]} Rd3 {[%emt 0:00:23]} 37. Qc4 {[%emt 0:00:57]} Rd1+ {[%emt 0:00:17]} 38. Ne1 {[%emt 0:00:29]} Rd4 {[%emt 0:00:43]} 39. Qa6 {[%emt 0:00:52]} Qd7 {[%emt 0:01:09]} 40. Ra8 {[%emt 0:01:05]} Rxb4 {[%emt 0:00:19]} 41. Qxa7 {[%emt 0:00:18]} Qxa7 {[%emt 0:01:09]} 42. Rxa7 {[%emt 0:00:30]} Rb1 {[%emt 0:00:00]} 43. Kf1 {[%emt 0:00:07]} Bb4 {[%emt 0:00:15]} 44. Ra8+ {[%emt 0:00:30]} Kh7 {[%emt 0:00:30]} 45. Re8 {[%emt 0:00:30]} Ra1 {[%emt 0:00:00]} 46. Re4 {[%emt 0:00:00]} Bxe1 {[%emt 0:03:27]} 47. Rxe1 {[%emt 0:00:00]} Rxa4 {[%emt 0:00:00]} 48. Rb1 {[%emt 0:01:34]} Ra6 {[%emt 0:00:00]} 49. Ke2 {[%emt 0:00:17]} Kg6 {[%emt 0:00:00]} 50. Kd3 {[%emt 0:00:12]} Kf5 {[%emt 0:00:10]} 51. Rb2 {[%emt 0:00:32]} f6 {[%emt 0:02:15]} 52. Kc4 {[%emt 0:01:16]} Ra5 {[%emt 0:00:11]} 53. Kd4 {[%emt 0:03:07]} Re5 {[%emt 0:02:32]} 54. Rxb6 {[%emt 0:03:02]} Re2 {[%emt 0:00:01]} 55. Rb3 {[%emt 0:00:39]} Rxf2 {[%emt 0:00:17]} 56. Rg3 {[%emt 0:00:54]} g5 {[%emt 0:00:20]} 57. Ke3 {[%emt 0:00:43]} Ra2 {[%emt 0:00:23]} 58. Kd4 {[%emt 0:00:33]} h5 {[%emt 0:00:53]} 59. Rf3+ {[%emt 0:01:40]} Kg6 {[%emt 0:00:13]} 60. g3 {[%emt 0:01:34]} Rh2 {[%emt 0:00:05]} 61. h4 {[%emt 0:00:16]} gxh4 {[%emt 0:00:30]} 62. gxh4 {[%emt 0:00:00]} Rxh4+ {[%emt 0:00:06]} 63. Ke3 {[%emt 0:00:00]} Kg5 {[%emt 0:00:00]} 64. Rg3+ {[%emt 0:00:43]} Rg4 {[%emt 0:00:15]} 65. Rh3 {[%emt 0:00:00]} h4 {[%emt 0:00:00]} 66. Kf2 {[%emt 0:00:20]} Ra4 {[%emt 0:00:20]} 67. Rb3 {[%emt 0:00:20]} Kg4 {[%emt 0:00:08]} 68. Kg2 {[%emt 0:00:23]} f5 {[%emt 0:00:23]} 69. Rb8 {[%emt 0:00:48]} Ra2+ {[%emt 0:00:30]} 70. Kg1 {[%emt 0:00:00]} f4 {[%emt 0:00:32]} 71. Rb3 {[%emt 0:00:00]} Re2 {[%emt 0:00:19]} 72. Ra3 {[%emt 0:00:37]} Re3 {[%emt 0:00:31]} 73. Ra8 {[%emt 0:00:36]} Kf3 {[%emt 0:00:49]} 74. Rh8 {[%emt 0:00:15]} Re1+ {[%emt 0:00:05]} 75. Kh2 {[%emt 0:00:09]} Ke3 {[%emt 0:00:40]} 76. Rf8 {[%emt 0:02:24]} f3 {[%emt 0:01:07]} 77. Re8+ {[%emt 0:01:01]} Kd2 {[%emt 0:00:19]} 78. Rd8+ {[%emt 0:00:14]} Ke2 {[%emt 0:00:07]} 79. Re8+ {[%emt 0:00:44]} Kf1 {[%emt 0:00:02]} 80. Rf8 {[%emt 0:00:32]} f2 {[%emt 0:00:07]} 81. Rf7 {[%emt 0:01:28]} Ke2 {[%emt 0:00:14]} 82. Re7+ {[%emt 0:00:48]} Kd3 {[%emt 0:00:09]} 83. Rf7 {[%emt 0:00:11]} f1=Q {[%emt 0:00:54]} 84. Rf3+ {[%emt 0:00:16]} Kd2 {[%emt 0:00:12]} 0-1

[Event "18th Izmir Open 2019"]
[Site "Izmir"]
[Date "2019.09.06"]
[Round "8.8"]
[White "Isilak, Enes"]
[Black "Mammadov, Mustafa"]
[Result "0-1"]
[WhiteElo "1885"]
[BlackElo "2061"]
[Annotator "NA"]
[PlyCount "104"]
[EventDate "2019.09.02"]
[EventType "swiss"]
[EventCountry "TUR"]
[SourceTitle "playchess.com"]
[Source "ChessBase"]
[SourceQuality "1"]
[TimeControl "5400+30"]

1. d4 {[%emt 0:00:30]} Nf6 {[%emt 0:05:30]} 2. Nf3 {[%emt 0:00:30]} g6 {[%emt 0:00:30]} 3. c4 {[%emt 0:00:30]} Bg7 {[%emt 0:00:30]} 4. g3 {[%emt 0:00:30]} c6 {[%emt 0:04:30]} 5. Bg2 {[%emt 0:00:00]} d5 {[%emt 0:00:30]} 6. Qb3 {[%emt 0:05:00]} O-O {[%emt 0:05:30]} 7. O-O {[%emt 0:00:30]} dxc4 {[%emt 0:02:30]} 8. Qxc4 {[%emt 0:00:30]} Be6 {[%emt 0:00:30]} 9. Qa4 {[%emt 0:05:30]} Qb6 {[%emt 0:17:30]} 10. Nc3 {[%emt 0:07:30]} Qa6 {[%emt 0:08:30] D78: Fianchetto Grünfeld: 6 0-0 c6} (10... Na6 11. Rd1 Rfd8 12. h3 c5 13. dxc5 Nxc5 14. Rxd8+ Rxd8 15. Qa3 Nfe4 16. Be3 Nxc3 17. bxc3 Rc8 18. Ng5 Qc7 19. Qxa7 {1-0 (27) Wojtaszek,R (2705)-Melkumyan,H (2615) Warsaw 2011}) 11. Qc2 {[%emt 0:08:30]} Nd5 {[%emt 0:04:30]} 12. Rd1 {[%emt 0:46:30]} Nd7 {[%emt 0:21:30]} 13. Bf1 $146 {[%emt 0:08:25]} ({Predecessor:} 13. e4 Nxc3 14. bxc3 b5 15. Be3 Nb6 16. Nd2 Qc8 17. f4 f5 {1-0 (31) Akbarinia,S (2371)-Serra Pages,J (2239) Barcelona 2018}) 13... Nb4 {[%emt 0:09:21]} 14. Qb1 {[%emt 0:05:35]} Nf6 {[%emt 0:04:32]} 15. e4 {[%emt 0:01:51]} Qa5 {[%emt 0:03:05]} 16. a3 {[%emt 0:01:22]} Na6 {[%emt 0:00:09]} 17. Bg2 {[%emt 0:03:03]} Rad8 {[%emt 0:01:07]} 18. Be3 {[%emt 0:01:51]} h6 {[%emt 0:01:46]} 19. Ne5 {[%emt 0:00:37]} Bb3 {[%emt 0:03:53]} 20. Rd2 {[%emt 0:00:39]} Nd7 {[%emt 0:01:09]} 21. Nf3 {[%emt 0:00:29]} Nb6 {[%emt 0:01:15]} 22. Bf1 {[%emt 0:00:30]} Nc4 {[%emt 0:00:24]} 23. Bxc4 {[%emt 0:00:22]} Bxc4 {[%emt 0:00:04]} 24. Kg2 {[%emt 0:00:35]} Qh5 {[%emt 0:01:08]} 25. Qd1 {[%emt 0:00:36]} Be6 {[%emt 0:01:01]} 26. Ng1 {[%emt 0:00:01]} Qa5 {[%emt 0:00:15]} 27. b4 {[%emt 0:00:47]} Qc7 {[%emt 0:00:11]} 28. Rc1 {[%emt 0:00:00]} Qb8 {[%emt 0:01:19]} 29. Bf4 {[%emt 0:00:18]} Qa8 {[%emt 0:00:27]} 30. f3 {[%emt 0:01:38]} g5 $11 {[%emt 0:00:17]} 31. Be3 {[%emt 0:00:00]} f5 {[%emt 0:01:00]} 32. d5 {[%emt 0:00:30]} Bc8 {[%emt 0:01:04]} 33. dxc6 {[%emt 0:00:23]} Rxd2+ {[%emt 0:00:40]} 34. Qxd2 {[%emt 0:00:02]} bxc6 {[%emt 0:00:00]} 35. Qd3 {[%emt 0:00:54]} Nc7 {[%emt 0:00:35]} 36. Bc5 {[%emt 0:00:46]} Ne6 {[%emt 0:00:30]} 37. Bxe7 {[%emt 0:00:20]} Rf7 {[%emt 0:00:32]} 38. Bd6 {[%emt 0:00:49]} g4 {[%emt 0:00:42]} 39. exf5 {[%emt 0:00:27]} Nd4 {[%emt 0:00:28]} 40. fxg4 {[%emt 0:01:01]} c5+ {[%emt 0:00:11]} 41. Kh3 {[%emt 0:00:00]} h5 {[%emt 0:00:24]} 42. Qe4 {[%emt 0:00:33]} hxg4+ {[%emt 0:00:49]} 43. Kh4 {[%emt 0:00:10]} Nxf5+ {[%emt 0:00:30]} 44. Kh5 {[%emt 0:00:33]} Bb7 {[%emt 0:00:27]} 45. Qe6 {[%emt 0:00:47]} Nd4 {[%emt 0:00:40]} 46. Qg6 {[%emt 0:00:33]} Rf6 {[%emt 0:00:31]} 47. Qxg4 {[%emt 0:00:32]} Rh6+ {[%emt 0:00:47]} 48. Kg5 {[%emt 0:00:02]} Qd8+ {[%emt 0:00:20]} 49. Kf4 {[%emt 0:00:00]} Qxd6+ {[%emt 0:00:20]} 50. Ke3 {[%emt 0:00:08]} Rf6 {[%emt 0:00:15]} 51. bxc5 {[%emt 0:00:51]} Qxc5 {[%emt 0:00:32]} 52. Nge2 {[%emt 0:00:32]} Nxe2+ {[%emt 0:00:26]} 0-1

[Event "18th Izmir Open 2019"]
[Site "Izmir"]
[Date "2019.09.06"]
[Round "8.9"]
[White "Kayan, Veli"]
[Black "Inan, Canberk"]
[Result "1/2-1/2"]
[WhiteElo "1928"]
[BlackElo "1912"]
[Annotator "NA"]
[PlyCount "81"]
[EventDate "2019.09.02"]
[EventType "swiss"]
[EventCountry "TUR"]
[SourceTitle "playchess.com"]
[Source "ChessBase"]
[SourceQuality "1"]
[TimeControl "5400+30"]

1. e4 {[%emt 0:00:30]} c5 {[%emt 0:00:30]} 2. Nf3 {[%emt 0:00:00]} e6 {[%emt 0:00:00]} 3. d4 {[%emt 0:01:00]} cxd4 {[%emt 0:01:00]} 4. Nxd4 {[%emt 0:00:30]} a6 {[%emt 0:00:00]} 5. Nc3 {[%emt 0:03:30]} Qc7 {[%emt 0:00:00]} 6. Be3 {[%emt 0:04:30]} Nc6 {[%emt 0:00:30]} 7. Be2 {[%emt 0:01:30]} Nf6 {[%emt 0:00:30]} 8. O-O {[%emt 0:01:30]} Be7 {[%emt 0:00:30]} 9. a4 {[%emt 0:00:30]} b6 {[%emt 0:03:30]} 10. Nxc6 $11 {[%emt 0:01:30]} dxc6 {[%emt 0:00:30]} 11. a5 {[%emt 0:06:30]} bxa5 {[%emt 0:02:30]} 12. Qd4 {[%emt 0:08:30]} O-O {[%emt 0:04:30]} 13. Qc4 {[%emt 0:14:30]} Rb8 {[%emt 0:04:30]} 14. e5 {[%emt 0:08:30]} Nd5 {[%emt 0:01:30]} 15. Nxd5 {[%emt 0:13:30]} exd5 {[%emt 0:00:00]} 16. Qc3 {[%emt 0:01:30]} Rb4 {[%emt 0:11:00]} 17. f4 {[%emt 0:02:30]} c5 {[%emt 0:06:30]} 18. Bd2 {[%emt 0:01:30]} c4 {[%emt 0:04:30]} 19. Qg3 {[%emt 0:02:30]} Rxb2 {[%emt 0:01:30]} 20. f5 {[%emt 0:05:30]} f6 {[%emt 0:00:30]} 21. Bf4 {[%emt 0:02:26]} fxe5 {[%emt 0:09:30]} 22. Bxe5 {[%emt 0:01:00]} Qb6+ {[%emt 0:00:00]} 23. Kh1 {[%emt 0:01:44]} Bf6 {[%emt 0:00:00]} 24. Bxb2 {[%emt 0:01:22]} Qxb2 {[%emt 0:00:00]} 25. Bf3 {[%emt 0:02:12]} Bxf5 {[%emt 0:02:00]} 26. Bxd5+ {[%emt 0:02:47]} Kh8 {[%emt 0:00:30]} 27. Rae1 {[%emt 0:02:19]} g6 {[%emt 0:15:30]} 28. Qd6 {[%emt 0:00:56]} Qb4 {[%emt 0:00:30]} 29. Qxa6 {[%emt 0:01:12]} Bxc2 {[%emt 0:01:30]} 30. Re8 {[%emt 0:01:14]} Kg7 {[%emt 0:00:30]} 31. Qa7+ {[%emt 0:01:57]} Kh6 {[%emt 0:01:30]} 32. Qe3+ {[%emt 0:01:45]} Kg7 {[%emt 0:00:00]} 33. Qa7+ {[%emt 0:01:11]} Kh6 {[%emt 0:00:00]} 34. Rxf8 {[%emt 0:02:15]} Qxf8 {[%emt 0:00:30]} 35. Bxc4 {[%emt 0:00:47]} Qd8 {[%emt 0:01:30]} 36. Qf7 {[%emt 0:01:21]} Bf5 {[%emt 0:00:30]} 37. Bd5 {[%emt 0:00:37]} Qe7 {[%emt 0:00:30]} 38. Qxe7 {[%emt 0:00:56]} Bxe7 {[%emt 0:00:30]} 39. Bb3 {[%emt 0:00:51]} Kg5 {[%emt 0:00:30]} 40. Re1 {[%emt 0:00:38]} Bb4 {[%emt 0:00:00]} 41. Re8 {[%emt 0:00:00]} 1/2-1/2

[Event "18th Izmir Open 2019"]
[Site "Izmir"]
[Date "2019.09.07"]
[Round "9.1"]
[White "Yilmazyerli, Mert"]
[Black "Isik, Alparslan"]
[Result "1/2-1/2"]
[WhiteElo "2417"]
[BlackElo "2200"]
[Annotator "TA"]
[PlyCount "40"]
[EventDate "2019.09.02"]
[EventType "swiss"]
[EventCountry "TUR"]
[SourceTitle "playchess.com"]
[Source "ChessBase"]
[SourceQuality "1"]

{[%evp 13,40,6,8,0,0,0,2,0,0,0,0,0,0,0,0,0,12,0,0,-10,0,0,0,-10,-7,-12,-15,-14,-7]} 1. d4 Nf6 2. Nf3 g6 3. Bf4 Bg7 4. c3 O-O 5. h3 d5 6. e3 c5 7. Nbd2 b6 {The position is equal.} 8. a4 {D02: 1 d4 d5 2 Nf3 sidelines, including 2...Nf6 3 g3 and 2...Nf6 3 Bf4} Nc6 9. Be2 (9. Ne5 Bb7 10. Bb5 Nxe5 11. Bxe5 c4 12. a5 a6 13. Ba4 b5 14. Bc2 Bh6 15. g4 Qd7 {1-0 (39) Maghsoodloo,P (2688)-Yu,Y (2764) St Petersburg 2018}) 9... Bb7 10. O-O Nd7 11. Bg3 e5 $146 ({Predecessor:} 11... Re8 12. Re1 Rc8 13. Bd3 e5 14. dxe5 Ndxe5 15. Nxe5 Bxe5 16. Bxe5 Nxe5 17. Nf3 Nxd3 18. Qxd3 {0-1 (47) Gmaj,K (2135)-Bartel,M (2637) Poland 2017}) 12. dxe5 Ndxe5 13. Nxe5 Nxe5 14. a5 Bc6 15. axb6 axb6 16. Nf3 Nxf3+ 17. Bxf3 Qd7 18. Qc2 Bf6 19. Rfd1 Rxa1 20. Rxa1 Qb7 {Accuracy: White = 64%, Black = 95%.} 1/2-1/2

[Event "18th Izmir Open 2019"]
[Site "Izmir"]
[Date "2019.09.07"]
[Round "9.2"]
[White "Kamer, Kayra"]
[Black "Shanava, Konstantine"]
[Result "0-1"]
[WhiteElo "2304"]
[BlackElo "2500"]
[Annotator "TA"]
[PlyCount "94"]
[EventDate "2019.09.02"]
[EventType "swiss"]
[EventCountry "TUR"]
[SourceTitle "playchess.com"]
[Source "ChessBase"]
[SourceQuality "1"]

{[%evp 21,94,40,24,23,23,20,27,0,0,-2,61,64,60,-10,-10,-8,-13,-12,-7,-16,-8,-20,-15,-10,0,0,0,0,0,0,0,0,0,-8,-8,-24,-24,-24,0,-14,-20,-19,-19,-27,-20,-30,-27,-25,0,0,0,0,0,0,67,0,0,0,0,0,0,0,0,0,0,0,0,0,0,0,0,-29991,-29992,-29997,-29998]} 1. e4 c5 2. Nf3 d6 3. d4 cxd4 4. Nxd4 Nf6 5. Nc3 Nc6 6. f3 e5 7. Nb3 Be7 8. Be3 Be6 9. Qd2 O-O 10. Nd5 Bxd5 11. exd5 Nb8 12. Be2 {B56: Classical Sicilian: Unusual Lines} (12. g4 Nbd7 13. g5 Nh5 14. O-O-O f5 15. gxf6 Rxf6 16. Kb1 Nf4 17. Rg1 Nf8 18. Qb4 b6 19. Nd2 N8g6 {½-½ (60) Svidler,P (2726)-Karpov,A (2644) Odessa 2009}) 12... Nbd7 13. O-O Qc8 14. c4 {White has an edge.} Bd8 15. Qb4 Nc5 $146 (15... Bb6 $11 16. Bxb6 Nxb6) ({Predecessor:} 15... Bb6 16. Bxb6 Nxb6 17. f4 exf4 18. Rxf4 Qe8 19. Qd2 Qe5 20. Bd3 Rae8 21. Rd1 Na4 22. Rb1 {½-½ (22) Szuk,B (2360)-Madl,I (2420) Hungary 2002}) 16. Nxc5 $14 Bb6 {[%mdl 64] [#] Pin} 17. Qc3 ({White should try} 17. Qa3 $14 Bxc5 18. Bxc5 Qxc5+ 19. Qxc5 dxc5 20. Bd3) 17... Bxc5 $11 18. b4 Bxe3+ 19. Qxe3 Qc7 20. Rfc1 a5 21. a3 Nd7 22. Rab1 axb4 23. axb4 b6 24. Ra1 Ra7 25. Ra3 Rfa8 26. Rca1 g6 27. g4 Kg7 28. Kg2 h6 29. h4 Qb7 30. Rxa7 Rxa7 31. Qc3 Qa8 32. Rxa7 Qxa7 33. Qb2 Qa4 34. Kf2 Nb8 35. c5 bxc5 36. bxc5 Nd7 37. cxd6 Qa7+ (37... Qf4 $11) 38. Kf1 (38. Kg2 $14) 38... Qc5 {[%mdl 64] [#] Double Attack} 39. Qb5 Qc1+ 40. Kf2 Nf6 41. Qc6 Qa1 42. g5 hxg5 43. hxg5 Qd4+ {[%mdl 64] Double Attack} 44. Kf1 Nxd5 {Threatens to win with ...Ne3+.} 45. d7 Ne3+ 46. Ke1 $2 {[%mdl 8192]} (46. Kg1 $11 Nd5+ 47. Kf1) 46... Qb4+ 47. Kf2 Qh4+ {[%mdl 64] Double Attack. Accuracy: White = 60%, Black = 70%.} 0-1

[Event "18th Izmir Open 2019"]
[Site "Izmir"]
[Date "2019.09.07"]
[Round "9.3"]
[White "Guseynov, Alihan"]
[Black "Koksal, Ege"]
[Result "1/2-1/2"]
[WhiteElo "2326"]
[BlackElo "2375"]
[Annotator "TA"]
[PlyCount "33"]
[EventDate "2019.09.02"]
[EventType "swiss"]
[EventCountry "TUR"]
[SourceTitle "playchess.com"]
[Source "ChessBase"]
[SourceQuality "1"]

{[%evp 14,33,21,-21,-10,-29,-28,-28,13,13,13,0,16,13,13,8,7,8,9,10,14,12]} 1. d4 Nf6 2. c4 g6 3. Nc3 d5 4. Nf3 Bg7 5. Bf4 O-O 6. e3 c5 7. dxc5 Ne4 8. Be5 (8. Rc1 {is more complex.} Nxc3 9. bxc3 Be6 10. Nd4 dxc4 11. Nxe6 Qxd1+ 12. Kxd1 fxe6 13. Bxc4 Kf7 14. Ke2) 8... Nxc3 {D93: Grünfeld: 4 Nf3 Bg7 5 Bf4 0-0 6 e3} 9. bxc3 {Threatens to win with Bxg7.} Bxe5 10. Nxe5 Nc6 $146 {Black has an edge.} ({Predecessor:} 10... Be6 11. Be2 Qa5 12. O-O Rd8 13. Qb3 Qc7 14. Nf3 Na6 15. c6 Nc5 16. Qb4 Qxc6 17. Nd4 Qc7 18. Rab1 Rab8 19. Nb5 Qb6 20. Nd4 Qc7 21. Nb5 Qb6 22. Nd4 {½-½ (22) Chatalbashev,B (2550)-Feller,S (2622) Monthey 2015}) 11. Nxc6 {The position is equal.} bxc6 12. Qa4 Be6 13. Be2 (13. Qxc6 Qa5 $19) 13... dxc4 14. Rd1 Qb8 15. Bxc4 Bxc4 16. Qxc4 Qb5 17. Qxb5 1/2-1/2

[Event "18th Izmir Open 2019"]
[Site "Izmir"]
[Date "2019.09.07"]
[Round "9.4"]
[White "Annaberdiyev, Babageldi"]
[Black "Mammadov, Mustafa"]
[Result "0-1"]
[WhiteElo "2205"]
[BlackElo "2061"]
[Annotator "TA"]
[PlyCount "86"]
[EventDate "2019.09.02"]
[EventType "swiss"]
[EventCountry "TUR"]
[SourceTitle "playchess.com"]
[Source "ChessBase"]
[SourceQuality "1"]

{[%evp 25,86,5,20,-16,6,-11,-10,-23,-33,-35,-8,-68,-61,-80,-80,-84,-68,-89,-10,-13,-16,-9,-11,-94,-110,-288,-288,-289,-275,-275,-279,-283,-285,-287,-282,-261,-249,-314,-314,-393,-362,-370,-339,-413,-390,-625,-624,-616,-616,-605,-604,-585,-556,-951,-854,-906,-863,-939,-927,-1536,-1510,-1253,-505]} 1. d4 Nf6 2. Nf3 g6 3. c4 Bg7 4. Nc3 d6 5. e4 O-O 6. Be2 e5 7. dxe5 dxe5 8. Qxd8 Rxd8 9. Bg5 Re8 10. Nd5 Nxd5 11. cxd5 c6 12. Bc4 b5 13. Bb3 Bb7 14. O-O-O {E92: King's Indian: Classical: 6 Be2 e5: 7 dxe5, 7 Be3 and Petrosian System without 7...Nbd7} c5 15. g4 $146 ({Predecessor:} 15. Bc2 Nd7 16. Be3 Rec8 17. g4 h6 18. g5 h5 19. Bd3 c4 20. Bf1 Kf8 21. Bh3 Ke8 {½-½ (50) Niemann,H (2254)-Becerra Rivero,J (2539) Calgary 2017}) 15... Nd7 16. Nd2 {The position is equal.} c4 17. Bc2 Bf8 18. Be3 (18. h4 $11) 18... Rec8 $15 19. Kb1 a5 {[%cal Ba7a5,Ba5a4,Ba4a3][%mdl 32]} 20. Rc1 a4 $36 {[%mdl 2048] White is under pressure.} 21. Bd1 Nc5 (21... a3 $17 {Threatens to win with ...axb2.} 22. b3 c3) 22. Be2 $11 a3 {[#] ...axb2 is the strong threat.} 23. b3 cxb3 24. Bxc5 (24. axb3 $11 {remains equal.} a2+ 25. Kb2) 24... b2 $17 ({Of course not} 24... Rxc5 $6 25. Nxb3 Rcc8 26. Bxb5 $14) 25. Rcf1 $2 (25. Bxa3 $17 {is a better defense.} bxc1=N 26. Bxc1) 25... Bxc5 $19 26. Bxb5 Ba6 27. Bxa6 Rxa6 28. Nb3 Bd6 29. h4 Kf8 30. h5 {intending hxg6.} Ke7 31. f3 Ra4 32. hxg6 hxg6 33. Re1 Rc3 34. f4 Rf3 35. f5 $2 (35. fxe5 Bxe5 36. Nd2) 35... gxf5 {Black is clearly winning.} 36. gxf5 Rf4 37. f6+ Kxf6 38. Rd1 Rfxe4 39. Nd2 Red4 40. Rdf1+ Ke7 41. Nf3 Rf4 42. Kc2 Rac4+ 43. Kb1 {[#]} Rc1+ $1 {[%mdl 64] Promotion. Accuracy: White = 27%, Black = 79%.} 0-1